| Tag |
First Indicator |
Second Indicator |
Subfields |
| LEADER |
00000cam a2200000 a 4500 |
| 001 |
in00002489913 |
| 005 |
20151110094740.0 |
| 008 |
080620s2009 iluabg b s001 0ceng |
| 010 |
|
|
|a 2008027201
|
| 015 |
|
|
|a GBA8A9166
|2 bnb
|
| 016 |
7 |
|
|a 014753939
|2 Uk
|
| 020 |
|
|
|a 0252033795 (cloth : alk. paper)
|
| 020 |
|
|
|a 9780252033797 (cloth : alk. paper)
|
| 029 |
1 |
|
|a NLGGC
|b 317615637
|
| 029 |
1 |
|
|a CDX
|b 8185432
|
| 029 |
1 |
|
|a AU@
|b 000043174673
|
| 035 |
|
|
|a (OCoLC)ocn213846213
|
| 035 |
|
|
|a (OCoLC)213846213
|
| 040 |
|
|
|a DLC
|c DLC
|d BTCTA
|d BAKER
|d YDXCP
|d UKM
|d C#P
|d CDX
|d IXA
|d PAU
|d UtOrBLW
|
| 049 |
|
|
|a TXAM
|
| 050 |
0 |
0 |
|a ML385
|b .L54 2009
|
| 082 |
0 |
0 |
|a 780.92/251
|2 22
|
| 082 |
1 |
4 |
|a B
|2 22
|
| 245 |
0 |
0 |
|a Lives in Chinese music /
|c edited by Helen Rees.
|
| 264 |
|
1 |
|a Urbana :
|b University of Illinois Press,
|c [2009]
|
| 264 |
|
4 |
|c ©2009
|
| 300 |
|
|
|a 223 pages :
|b illustrations, maps, music ;
|c 24 cm.
|
| 336 |
|
|
|a text
|b txt
|2 rdacontent
|
| 337 |
|
|
|a unmediated
|b n
|2 rdamedia
|
| 338 |
|
|
|a volume
|b nc
|2 rdacarrier
|
| 504 |
|
|
|a Includes bibliographical references and index.
|
| 505 |
0 |
|
|a Regional focus : the Yangtze River Delta. Zhao Yongming : portrait of a mountain song cicada / Frank Kouwenhoven and Antoinet Schimmelpenninck -- Shao Binsun and huju traditional opera in Shanghai / Jonathan P.J. Stock, with Shao Binsun -- The literati. Tsar Teh-yun at age 100 : a life of Qin music, poetry, and calligraphy / Bell Yung -- Gathering a nation's music : a life of Yang Yinliu / Peter Micic -- Music on the cultural frontiers. Grace Liu and Cantonese opera in England : becoming Chinese overseas / Tong Soon Lee -- Abdulla Mäjnun : muqam expert / Rachel Harris -- Compliance, autonomy, and resistance of a "state artist" : the case of Chinese-Mongolian musician Teng Ge'er / Nimrod Baranovitch.
|
| 650 |
|
0 |
|a Musicians
|z China
|v Biography.
|
| 650 |
|
0 |
|a Music
|z China
|x History and criticism.
|
| 700 |
1 |
|
|a Rees, Helen,
|d 1964-
|
| 938 |
|
|
|a Baker and Taylor
|b BTCP
|n BK0007694600
|
| 938 |
|
|
|a Baker & Taylor
|b BKTY
|c 45.00
|d 45.00
|i 0252033795
|n 0007694600
|s active
|
| 938 |
|
|
|a YBP Library Services
|b YANK
|n 2819169
|
| 938 |
|
|
|a Coutts Information Services
|b COUT
|n 8185432
|
| 945 |
|
|
|a PromptCat
|b 681069
|
| 946 |
|
|
|a stk
|
| 947 |
|
|
|a A14839828246
|
| 994 |
|
|
|a 92
|b TXA
|
| 948 |
|
|
|a cataloged
|b h
|d 2009/4/23
|h c
|e asalazar
|f 12:04:16 pm
|
| 999 |
|
|
|a MARS
|
| 999 |
f |
f |
|s 90860c23-8dff-3b32-8091-ea6aa2776de4
|i 7e3781fa-1aa7-32a6-a5a7-40e650557632
|t 0
|
| 952 |
f |
f |
|p normal
|a Texas A&M University
|b College Station
|c Sterling C. Evans Library
|d Evans: Library Stacks
|t 0
|e ML385 .L54 2009
|h Library of Congress classification
|i unmediated -- volume
|m A14839828246
|
| 998 |
f |
f |
|a ML385 .L54 2009
|t 0
|l Evans: Library Stacks
|